000 03475nam0a2200397 4500
001 RU\NLR\BIBL_A\022202481
005 20260420005035.0
010 _a978-5-907724-40-2
_9500
021 _aRU
_bКН-П-24-015058
_9КН-П-24-1587
035 _a(NLR Aleph) 022202481
090 _a13658921
_c13658921
100 _a20240419d2023 u y0rusy50 ca
101 0 _arus
102 _aRU
105 _aa j 000yy
181 0 _ai3
_baxxe
181 0 _ab1
_bxb2e
182 0 _an
200 1 _aТехносферная безопасность. Управление газообменом на пожаре с использованием специальных технических средств
_eучебное пособие
_eдля реализации основных основных профессиональных образовательных программ высшего образования по направлениям подготовки бакалавров 20.03.01 - Техносферная безопасность и специальности 20.05.01 - Пожарная безопасность
_fГавкалюк Б. В., Крымский В. В., Турсенев С. А. [и др.]
_gпод общ. ред. И. П. Денисова
_gМинистерство Российской Федерации по делам гражданской обороны, чрезвычайным ситуациям и ликвидации последствий стихийных бедствий, Санкт-Петербургский университет ГПС МЧС России имени Героя Российской Федерации генерала армии Е. Н. Зиничева, Главное управление МЧС России по городу Санкт-Петербургу
203 _aТекст
_aИзображение
_bвизуальные
_cнепосредственные
210 _aСанкт-Петербург
_cСанкт-Петербургский университет ГПС МЧС России
_d2023
215 _a82 с.
_cил., цв. ил., табл
_d21
300 _aНа обл. авт. не указаны
300 _aНад вых. дан. авт.: Денисов И. П., заместитель Министра РФ, Гавалюк Б. В., доц., д-р техн. наук, Крымский В. В., доц., канд. экон. наук, Турсенев С. А., доц., канд. техн. наук [и др.]
320 _aБиблиогр.: с. 74 (13 назв.)
606 1 _aМногоэтажные жилые дома
_jУчебные издания для высших учебных заведений
_xПожарная охрана
_92598147
_3RU\NLR\AUTH\6601744290
606 1 _aПожары
_jУчебные издания для высших учебных заведений
_xДинамика
_91917875
_3RU\NLR\AUTH\66874721
686 1 _aН961.1я73-1
701 1 _aГавкалюк
_bБ. В.
_f1965-
_gБогдан Васильевич
701 1 _aКрымский
_bВ. В.
_gВиталий Вячеславович
701 1 _aТурсенев
_bС. А.
_gСергей Александрович
702 1 _4340
_aДенисов
_bИ. П.
_cгенерал-лейтенант
_f1971-
_gИлья Павлович
_9181979
_3RU\NLR\AUTH\770182030
942 _cBOOK
980 _aNB